Представление документа в формате RUSMARC

ПолеНазваниеЗначение
  Тип записи c
  Библиографический уровень m
001 Контрольный номер RU/УОНБ/EK_N/598616570
005 Дата корректировки 20250720160330.2
013 Номер (ISMN) __
d Цена 120 р.
071 Издательские номер (звукозапись и ноты) 21
a Номер, присвоенный агентством 2276
100 Данные общей обработки __
a Данные общей обработки 20181220d1995 u y0rusy0189||||ca
101 Язык документа 0_
a Язык текста rus
a Язык текста eng
f Язык титульного листа rus
f Язык титульного листа eng
102 Страна публикации __
a Страна публикации RU
105 Кодированные данные (монография) __
a Кодированные данные (монография) y###||||000|y
125 Кодированные данные звукозаписи и нотных изданий __
a Форма изложения нотного текста m|
128 Кодированные данные (звукозаписи-физические характеристики) __
a Кодированные данные: Музыкальная форма и тональность или лад zz
c Инструменты или голоса, рекомендуемые для солистов (устаревшее) ka||
200 Заглавие и сведения об ответственности 1_
a Заглавие Как сочинить мелодию
d Параллельное заглавие How to Compose the Melody
z Язык параллельного заглавия eng
210 Выходные данные 1_
d Дата издания cop. 1995
215 Физическое описание __
a Объем 44 с.
461 Уровень набора _0
1 001RU/УОНБ/EK_N/598615474
1 200
a Азбука музыкальной фантазии
b Ноты
d The Alphabet of Musical Fantasy
e пособие для детей мл. и сред. шк. возраста по развитию творческих навыков
e в 6-ти тетр.
f Л. Борухзон, Л. Волчек
g [предисл. авт.]
z eng
v Тетр. 1
1 210
a СПб.
c Композитор
d cop. 1995 -
512 Заглавие обложки 1_
a Заглавие обложки Азбука музыкальной фантазии
517 Другие варианты заглавия 1_
a Другие варианты заглавия The Alphabet of Musical Fantasy
600 Персоналии _1
a Персоналии (Фамилия) Борухзон, Любовь Михайловна
600 Персоналии _1
a Персоналии (Фамилия) Волчек, Лидия Львовна
606 Тематические рубрики 0_
a Основная рубрика Детская музыка
x Основная подрубрика Учебные пособия
610 Ключевые слова 0_
a Ключевые слова детская музыка
610 Ключевые слова 0_
a Ключевые слова учебные пособия
610 Ключевые слова 0_
a Ключевые слова Борухзон Л. М.
610 Ключевые слова 0_
a Ключевые слова Волчек Л. Л.
686 Индексы других классификаций __
a Классификационный индекс 85.98я7
2 Код системы rubbk
801 Источник записи _0
a Страна RU
b Организация Ульяновская ОНБ
c Дата составления 20181220
g Правила каталогизации RCR
801 Источник записи _1
a Страна RU
b Организация Ульяновская ОНБ
c Дата составления 20181220
g Правила каталогизации RCR
901 Тип документа __
t Тип документа n
w Контрольный № источника RU/УОНБ/EK_N/598615474
909 Создатель записи __
a Создатель записи Грязнова И. Е.
910 Корректоры записи __
a Корректор записи Илямакова
938 Служебная информация __
a Имя БД noti
b Имя библиотеки УОНБ
c Имя АИБС МАРК-SQL
d Номер DOC_ID в БД 19725